Bibliografías criminológicas / 2

Gespeichert in:  
Bibliographische Detailangaben
Medienart: Druck Buch
Sprache:Nichtbestimmte Sprache
Veröffentlicht: 1984
In: Bibliografías criminológicas
Jahr: 1984
Bestand in Tübingen:In Tübingen vorhanden.
UB: KB 6 E 996
Verfügbarkeit prüfen: HBZ Gateway
Subito Bestelldienst: Jetzt bestellen.

MARC

LEADER 00000cam a22000002cc4500
001 109086163X
003 DE-627
005 20220514123657.0
007 tu
008 900702s1984 xx ||||| 00| ||und c
035 |a (DE-627)109086163X 
035 |a (DE-576)02086163X 
035 |a (DE-599)BSZ02086163X 
040 |a DE-627  |b ger  |c DE-627  |e rakwb 
245 0 0 |a Bibliografías criminológicas  |n 2 
264 1 |c 1984 
300 |a IX, 56 S. 
336 |a Text  |b txt  |2 rdacontent 
337 |a ohne Hilfsmittel zu benutzen  |b n  |2 rdamedia 
338 |a Band  |b nc  |2 rdacarrier 
773 1 8 |a Bibliografías criminológicas  |w (DE-627)169140180  |w (DE-576)018290736  |w (DE-600)896731-3  |g 2  |q 1984,2  |7 nnas 
935 |h SWB  |i vSatz 
951 |a JV 
ELC |b 1 
LOK |0 000 xxxxxcx a22 zn 4500 
LOK |0 001 2146860189 
LOK |0 003 DE-627 
LOK |0 004 109086163X 
LOK |0 005 19900702000000 
LOK |0 008 900702||||||||||||||||ger||||||| 
LOK |0 040   |a DE-21  |c DE-627  |d DE-21 
LOK |0 852   |a DE-21 
LOK |0 852 1  |c KB 6 E 996  |9 00 
LOK |0 935   |a krim 
LOK |0 936ln  |a k1 
LOK |0 939   |a 02-07-90  |b l01 
ORI |a SA-MARC-krimdoka001.raw 
SIG |a UB: KB 6 E 996